Top-7 besten Fußballvereine in Deutschland - Statistiken

Allgemein
  • Dieses Quiz wurde 264 mal gespielt
  • Das Durchschnittsergebnis liegt bei 6 aus 7
Antwortstatistiken
Hint Antwort % Korrekt
Rekordmeister FC Bayern München
100%
Bienen Borussia Dortmund 09
98%
Red Bull RB Leipzig
98%
Double Sieger Bayer 04 Leverkusen
94%
Porsche VFB Stuttgart
92%
Newcomer 1. FC Heidenheim
60%
Im Herzen von Europa Eintracht Frankfurt
52%
Keine übereinstimmenden Quizze gefunden
Verteilung der Resultate
Anzahl Personen mit jedem Resultat
Perzentil nach korrekt beantworteten Fragen
Ihre Resultats-Entwicklung
Sie haben dieses Quiz noch nicht gespielt